Представление документа в формате RUSMARC

ПолеНазваниеЗначение
  Тип записи a
  Библиографический уровень m
001 Контрольный номер b105c261385147c1afabf44f19cd8837
005 Дата корректировки 20181010154847.2
010 Индекс ISBN __
a ISBN 5-16-000146-8
200 Заглавие и сведения об ответственности 1_
a Заглавие Экономика труда
e Сведения, относящиеся к заглавию (Экономическая теория труда):Учеб. пособие для вузов
f Первые сведения об ответственности Моск.гос.ун-т им М.В.Ломоносова.Экон.фак.
210 Выходные данные 1_
a Место издания М.
c Издательство ИНФРА-М
d Дата издания 2000
215 Физическое описание __
a Объем 398 с.
225 Серия 2_
a Серия Высшее образование
610 Ключевые слова 0_
a Ключевые слова экономика труда
610 Ключевые слова 0_
a Ключевые слова минимальная заработная плата
610 Ключевые слова 0_
a Ключевые слова заработная плата
610 Ключевые слова 0_
a Ключевые слова дискриминация на рынке труда
610 Ключевые слова 0_
a Ключевые слова профсоюзы
610 Ключевые слова 0_
a Ключевые слова безработица
686 Индексы других классификаций __
a Классификационный индекс 65.9(2)24
2 Код системы rubbk
686 Индексы других классификаций __
a Классификационный индекс 65.9(2)24я73
2 Код системы rubbk
700 Автор _1
a Фамилия Рощин Сергей Юрьевич
701 Альтернативная интеллектуальная ответственность _1
a Фамилия Разумова Татьяна Олеговна
801 Источник записи _0
a Страна RU
b Организация РУК
c Дата составления 20040203
g Правила каталогизации PSBO
801 Источник записи _1
a Страна RU
b Организация РУК
c Дата составления 20040203
g Правила каталогизации PSBO
852 Данные о местонахождении __
i Авторский знак Р81
j Шифр хранения ББК 65.9(2)24
901 Тип документа __
t Тип документа m
938 Служебная информация __
a Название организации Головной вуз
b Имя БД BOOK
c Название АИБС АИБС ИРБИС
938 Служебная информация __
a Название организации Владимирский филиал